• 首页
  • 本馆介绍
  • 公告通知
  • 最新文献
  • 馆藏检索
  • 电子资源
  • 读者导购
  • 参考咨询
  • 我的图书馆
  • 登录
  • 详细信息显示
  • 放入我的书架
  • 预约/预借图书
  • 作者相关作品
  • 分类相关作品
  • 丛书相关作品
  • 出版社相关作品

书目信息

  • 表格格式
  • 工作单格式
  • 卡片格式
题名:
国有企业资本营运研究
    
 
作者: 陈永忠 , 姚洪 著
分册:  
出版信息: 北京   人民出版社  2000
页数: 294页
开本: 32开
丛书名:
单 册:
中图分类: F279.241
科图分类:
主题词: 国有企业--资本经营--研究--中国
电子资源:
ISBN: 7-01-003221-1
000 00616nam0 2200205 45
001 0210221039
005 20031219104058.9
010    @a7-01-003221-1@dCNY18.00
100    @a20021022d2000 km y0chiy0120 ea
101 0  @achi
105    @a z 000yy
200 1  @a国有企业资本营运研究@AGuo You Qi Ye Zi Ben Ying Yun Yan Jiu@f陈永忠,姚洪著@FChen Yong Zhong,Yao Hong Zhu
210    @a北京@c人民出版社@d2000
215    @a294页@d32开
606 0  @a国有企业@x资本经营@x研究@y中国
690    @aF279.241@v4
701    @a陈永忠@4著
701  0 @a姚洪@4著
801    @aCN@bTSTC@c20021022
905    @b316059-061@dF279.241@e114@f3
    
    国有企业资本营运研究/陈永忠,姚洪著.-北京:人民出版社,2000
    294页;32开
    
    
    ISBN 7-01-003221-1:CNY18.00
    
●
相关链接 在E读中查询图书 在五车中查询图书 在当当中查询图书 在豆瓣中查询图书


正题名:国有企业资本营运研究     索取号:F279.241/114         预约/预借

序号 登录号 条形码 馆藏地/架位号 状态 备注
1 0316059   203160596   第一借阅区/ [索取号:F279.241/114] 在馆    
2 0316060   203160603   第一借阅区/ [索取号:F279.241/114] 在馆    
3 0316061   203160612   第一借阅区/ [索取号:F279.241/114] 在馆    
唐山师范学院图书馆 欢迎您!
大连网信软件有限公司© 版权所有